Statistiques concernant Quiz sur les Ardennes

Cliquez ici pour prendre le quiz!

Statistiques générales

  • Ce quiz a été pris 76 fois
  • Le résultat moyen est 13 sur 21

Statistiques - réponses

QuestionRéponse% Correct
Numéro du département08
100%
Préfecture et plus grande villecharleville-mézières
98%
Région dans laquelle elles se situentgrand est
95%
pays dans lesquels s'étend le massif ardennaisbelgique
91%
pays dans lesquels s'étend le massif ardennaisluxembourg
89%
pays dans lesquels s'étend le massif ardennaisallemagne
88%
fleuve qui traverse les ardennesmeuse
88%
poete qui y est nee en 1854rimbaud
83%
symbole des ardennessanglier
83%
Région de laquelle elles faisaient parties avant le 1er janvier 2016champagne ardennes
82%
pays dans lesquels s'étend le massif ardennais
france
77%
champion de tennis, puis chanteur de variété né à sedanYannick Noah
75%
festival mondial qui y a lieumarionnettes
62%
ville la plus septentrionalgivet
57%
comment s'appelle la fameuse statue représentant le symbole des ardennes au nord de rethel (ayant couté 600 000€)?woinic
57%
cette fameuse revue sur la nature y est écrite et impriméla hulotte
23%
luttes sociales importantes de l'histoire ardennaise des années 70
chooz | antinucleaire | chiers | grève de la metallurgie
11%
Après l'armistice de 1940, les Ardennes ont été déclarées:zone interdite
11%
comment dit-on patate en patois ardennaiscanada
9%
nom du café-librairie solidaire et fonctionnant en autogestion à charleville mezièrechez josette
9%
curée ardennais qui était athée, révolutionnaire et materialiste (1689 à 1729)jean meslier
6%

Distribution des résultats

Percentile par nombre de réponses

% des personnes avec chaque résultat

Votre développement - résultats

Vous n’avez pas pris ce quiz